000 00816cam a2200253 a 4500
005 20031230185550.0
008 940308s1993 enkab b 001 0 eng
010 _aENG-101716
020 _c80.00
_a9789380530154
035 _aEN-85249
037 _bDBAD/PUB
040 _adpl
_bEng
082 _a657
100 1 _922405
_aSaratha,N.
245 1 0 _aPrinciples of accountancy /
_cby N. Saratha
260 _aTiruchirappalli
_bAgasthiar Noolagam
_c2010
270 _a119, North Pillaiyar Kovil Street, Varaganeri,
_bTiruchirappalli
_e620008
300 _a124p.
_c22cm (pbk)
650 0 _922448
_aAccountancy
651 _922481
700 _923269
942 _2ddc
_cEN
_mSAR
_h657
999 _c48351
_d48351